| 000 | 01292cad a2200277 4500 | ||
|---|---|---|---|
| 001 | ##L134687 | ||
| 008 | 060825s2006 000 0 eng u | ||
| 020 | _a9780203894859 | ||
| 035 | _a(Sirsi) u134687 | ||
| 041 | 0 | _aeng | |
| 050 | 0 | 4 | _a692.5 $2 18 |
| 100 | 1 | _aSpain, Bryan | |
| 245 | 0 | 0 |
_aSpon's estimating costs guide to plumbing and heating _bunit rates and project costs _h[electronic resource] |
| 250 | _a3rd ed. | ||
| 260 |
_aAbingdon _bTaylor and Francis _c2006 |
||
| 300 | _aeBook | ||
| 350 | _a27.99 | ||
| 520 | _aAn eBook aimed at contractors and small businesses carrying out small works between £50 and £50 000. Contains cost information broken down into labour, materials, overheads and profit. Includes typical project costs and professional advice on setting up and running a business, such as taxation, book-keeping, VAT and CIS4s and legal obligations. | ||
| 520 | _aSupersedes second edition (ISBN 0415318556) | ||
| 520 | _aThis item is archived on VLEBooks. Please contact [email protected] if you would like this title reactivated. Note we do not have more recent editions of this title available digitally. | ||
| 590 | _aIKA171006 | ||
| 650 | 2 | 4 | _aEBOOK |
| 651 | 4 | _aUnited Kingdom | |
| 690 | _aBUILT ENVIRONMENT-BUILDING COSTS | ||
| 942 |
_n0 _2ddc |
||
| 999 |
_c105775 _d105775 |
||